La seconde société industrielle /
Guardado en:
| Autor Principal: | |
|---|---|
| Formato: | Libro |
| Idioma: | French |
| Publicado: |
Paris :
Éditions Économie et humanisme, les Éditions ouvrières,
1967.
|
| Series: | Cahiers d'economie humaine
|
| Materias: | |
| Etiquetas: |
Agregar Etiqueta
Sin Etiquetas, Sea el primero en etiquetar este registro!
|
| LEADER | 00803cam a22002292 4500 | ||
|---|---|---|---|
| 001 | EEO.eeo003293 | ||
| 008 | 840426s1967####fr#####g######000#0#fre## | ||
| 005 | 20180521121042.0 | ||
| 245 | 1 | 3 | |a La seconde société industrielle / |c Études coordonnées par Guy Roustang. |
| 260 | |a Paris : |b Éditions Économie et humanisme, les Éditions ouvrières, |c 1967. | ||
| 300 | |a 200 p. ; |c 21 cm. | ||
| 490 | 1 | |a Cahiers d´economie humaine | |
| 100 | 1 | |a Roustang, Guy, |e comp. | |
| 830 | 0 | |a Cahiers d'economie humaine | |
| 650 | 7 | |a Sociedad industrial. |2 Isoc | |
| 650 | 7 | |a Crecimiento económico. |2 Isoc | |
| 650 | 7 | |a Socialismo. |2 Isoc | |
| 650 | 7 | |a Sistemas económicos. |2 Isoc | |
| 010 | |a 68086573 | ||
| 040 | |a DLC |c CarP |d DLC | ||
| 050 | 0 | 0 | |a HM221 |b .R65 |
| 859 | |a AR-BaUEB |b BIB. ECONOMIA - General |h 330.09 |i R764 |p e02829 | ||
